Paroles de Z.Kietu - Damso - Statistiques

Statistiques générales
  • Ce quiz a été pris 109 fois
  • Le résultat moyen est 289 sur 500
Statistiques - réponses
Paroles % Correct
qu'
93%
La
91%
la
91%
à
87%
À
87%
a
87%
le
87%
Le
87%
moi
87%
qui
87%
est
86%
que
86%
su
86%
de
84%
mon
83%
Mon
83%
vie
83%
Dis
81%
dis
81%
et
81%
je
81%
Ma
81%
M'a
81%
ma
81%
ne
81%
81%
tu
81%
Damso
80%
les
80%
Les
80%
me
80%
pas
80%
pour
80%
si
78%
par
77%
comme
75%
dans
74%
Dans
74%
No
74%
sa
74%
Au
71%
du
71%
Mes
71%
mes
71%
n'a
71%
en
70%
En
70%
Sur
70%
sur
70%
Tout
70%
tout
70%
Un
70%
un
70%
charme
68%
kietu
68%
Ça
67%
fais
67%
Amnésie
65%
mieux
65%
te
65%
Chevauché
64%
j'suis
64%
J'suis
64%
plus
64%
résister
64%
vrai
64%
black
62%
Mieux
62%
Non
62%
autre
61%
d'OG
61%
jour
61%
Mais
61%
mais
61%
J'ai
59%
j'ai
59%
monde
59%
noir
59%
quand
59%
Quand
59%
bon
58%
c'que
58%
des
58%
elle
58%
étalon
58%
il
58%
contre
57%
matelas
57%
route
57%
savoir
57%
coeur
55%
congolais
55%
d'herbe
55%
finit
55%
Juliette
55%
le fromage
55%
nuit
55%
Prie
55%
prié
55%
Roméo
55%
sent
55%
vaut
55%
ciel
54%
filles
54%
folie
54%
J'te
54%
sans
54%
son
54%
souvent
54%
Ton
54%
chattes
52%
commence
52%
d'avis
52%
d'un
52%
gênes
52%
Michel
52%
peine
52%
pose
52%
qu'elle
52%
succès
52%
amour
51%
c'était
51%
connaît
51%
dépasse
51%
gloire
51%
jardin
51%
Joconde
51%
mal
51%
questions
51%
t'as
51%
d'Eden
49%
fait
49%
j'arriverai
49%
présent
49%
Toutes
49%
aléatoire
48%
bouche
48%
bout
48%
changent
48%
être
48%
négrophobie
48%
névroses
48%
parfum
48%
secret
48%
soutien
48%
Tes
48%
t'es
48%
T'es
48%
zaïrois
48%
cause
46%
chiennes
46%
pièces
46%
porte-monnaie
46%
regarde
46%
tant
46%
voir
46%
exutoire
45%
j'sais
45%
lessivé
45%
ou
45%
payé
45%
soutenu
45%
douce
43%
embrassé
43%
genoux
43%
Ils
43%
n'fais
43%
semblant
43%
sors
43%
Aujourd'hui
42%
aujourd'hui
42%
compositeur
42%
Guerlain
42%
juste
42%
l'entends
42%
lit
42%
moments
42%
mousse
42%
repousse
42%
seul
42%
sexe
42%
sont
42%
auteur
41%
Brigitte
41%
Jacquie
41%
J'entre
41%
j'taime
41%
s'avèrent
41%
avant
39%
Bardot
39%
belles
39%
C'est
39%
font
39%
j'avais
39%
J'lai
39%
j'n'achète
39%
l'essence
39%
ni
39%
rappeur
39%
refait
39%
repeat
39%
savent
39%
tous
39%
choses
38%
chroniqueurs
38%
dire
38%
photos
38%
putains
38%
qu'appeller
38%
qu'tout
38%
visage
38%
Autant
36%
cash
36%
qu'au
36%
savon
36%
vêtements
36%
Agnès
35%
chaque
35%
d'pas
35%
j'écris
35%
Loin
35%
montrent
35%
profonde
35%
visite
35%
brille
33%
érection
33%
ken
33%
reste
33%
seins
33%
rêve
32%
tel
32%
j'mène
30%
J'remercie
30%
on
30%
soirs
30%
Très
30%
trompé
30%
attiré
29%
gratiné
29%
m'enterre
29%
poil
29%
Haut
28%
peu
28%
rester
28%
culs
26%
deviennent
26%
fumoir
26%
m'éclaire
26%
même
26%
photoshoppé
26%
réalité
26%
sais
26%
fosse
25%
Impossible
25%
macabre
25%
nan
25%
n'y
25%
table
25%
ventre
25%
Donc
23%
fois
23%
front
23%
J'reçois
23%
mis
23%
mouilla
23%
musique
23%
poumon
23%
retour
23%
ronces
23%
autour
22%
bien
22%
d'la
22%
donné
22%
faire
22%
main
22%
raison
22%
bonne
20%
d'paradis
20%
l'ai
20%
marque
20%
miracles
20%
nous
20%
premiers
20%
recevoir
20%
schneks
20%
argent
19%
portée
19%
première
19%
J'respire
17%
j'taurai
17%
Lous
17%
rêves
17%
bras
16%
car
16%
dents
16%
n'fait
16%
saint
16%
besoin
14%
Demain
14%
n'parleras
14%
diable
13%
Enseveli
13%
livre
13%
priant
13%
tendre
13%
Drogues
12%
ni mon
12%
péchés
10%
d'Ixelles
9%
qu'en
7%
Aucun quiz correspondant
Distribution des résultats
% des personnes avec chaque résultat
Percentile par nombre de réponses
Votre historique - résultats
Vous n’avez pas pris ce quiz